000 00298nam a2200121Ia 4500
008 190216s9999||||xx |||||||||||||| ||und||
100 _aSingh S K
245 0 _aPublic Finance In Developed And Developing Countries
260 _bOrient Longman
300 _a547p
650 _aEconomics
942 _cBK
999 _c9588
_d9588